000 00492cam a22001097a 4500
008 180718b1963 xxu||||| |||| 00| 0 eng d
082 _aR1x54 In7/Eng/63/7
245 _aManpower group survey : engineering manpower-analytical review of demand forecast methodology and provisional forecast of growth
_cby Institute Of Applied Manpower Research
260 _aNew Delhi
_bInstitute Of Applied Manpower Research
_c1963
300 _aiii,108p.
700 _aIndia. Institute Of Applied Manpower Research
999 _c496316
_d496316